| 000 | 00000nam##2200000za#4500 |
| 001 | 9.572136 |
| 003 | CaOODSP |
| 005 | 20231208112822 |
| 007 | cr ||||||||||| |
| 008 | 150406|2008||||xxc|||||o f|0| 0 eng|d |
| 040 | |aCaOODSP|beng |
| 043 | |an-cn--- |
| 086 | 1 |aPS83-6/39E-PDF |
| 110 | 1 |aCorrectional Service Canada. |bResearch Branch. |
| 245 | 10|aProfile of offenders in administrative segregation : |h[electronic resource]|ba review of the literature / |c[by] Shauna Bottos. |
| 260 | |aOttawa - Ontario : |bCorrectional Service Canada. |cSeptember 2007. |
| 300 | |a23p.|breferences |
| 490 | 1 |aResearch brief|vNo. B-39 |
| 590 | |a11-28-Supp|b2011-11-17 |
| 720 | 1 |aBottos, Shauna |
| 775 | 08|tProfil des délinquants placés en isolement préventif : |w(CaOODSP)9.602548 |
| 830 | #0|aResearch brief (Correctional Service Canada)|vNo. B-39|w(CaOODSP)9.506656 |
| 856 | 40|ahttp://publications.gc.ca|qPDF|s82 KB|uhttps://publications.gc.ca/collections/collection_2011/scc-csc/PS83-6-39-eng.pdf|yNo. B-39 |